[Event "Brasilia"]
[Site "Brasilia"]
[Date "1981.??.??"]
[Round "?"]
[White "Ljubojevic, Ljubomir"]
[Black "Filguth, Rubens A"]
[Result "1-0"]
[WhiteElo "2605"]
[BlackElo "2375"]

1.e4 e6 2.d4 d5 3.Nd2 c5 4.Ngf3 Nc6 5.exd5 exd5 6.Bb5 Bd6 7.O-O Ne7 8.dxc5 Bxc5
9.Nb3 Bd6 10.Nbd4 O-O 11.Bd2 Bg4 12.Bc3 Qb6 13.Be2 Rad8 14.Qd2 Bc8 15.Rad1 a6
16.Rfe1 Bc5 17.Bd3 h6 18.b4 Bd6 19.b5 axb5 20.Nxb5 Bb8 21.Rb1 Qc5 22.Bb2 Rd7
23.Ba3 Qb6 24.Nbd4 Qd8 25.Nxc6 Nxc6 26.Bxf8 Qxf8 27.Bf5 Rd6 28.Bxc8 Qxc8
29.Rb5 d4 30.Qd3 Bc7 31.Rxb7 Rg6 32.Rb5 Bd6 33.g3  1-0

[Event "Brasilia"]
[Site "Brasilia"]
[Date "1981.??.??"]
[Round "?"]
[White "Filguth, Rubens A"]
[Black "Ljubojevic, Ljubomir"]
[Result "1/2-1/2"]
[WhiteElo "2375"]
[BlackElo "2605"]

1.c4 e5 2.Nc3 Nc6 3.g3 g6 4.Bg2 Bg7 5.e4 d6 6.Nge2 a6 7.d3 Rb8 8.O-O b5 9.b3 Nge7
10.Be3 O-O 11.Rc1 Nd4 12.Nd5 bxc4 13.dxc4 c5 14.Nec3 Nxd5 15.Nxd5 Bd7 16.Qd3 a5
17.f4 exf4 18.Rxf4 Bc6 19.Rcf1 Bxd5 20.cxd5 a4 21.bxa4 Qa5 22.R4f2 Qxa4 23.Rc1 Rb4
24.Bf1 Qd7 25.Rb1 c4 26.Qd1 Rxb1 27.Qxb1 c3 28.Bd3 Rc8 29.Kg2 h5 30.Qb4 c2
31.Rf1 Qg4 32.Bxd4 Qd1 33.Bxg7 Kxg7 34.Bxc2 Rxc2+ 35.Rf2 f5 36.Qxd6 Rxf2+
37.Kxf2 Qd2+ 38.Kf1 Qd1+ 39.Kf2  1/2-1/2

[Event "Luzern ol (Men)"]
[Site "Luzern"]
[Date "1982.??.??"]
[Round "1"]
[White "Ljubojevic, Ljubomir"]
[Black "Jhunjhnuwala, Krishan"]
[Result "1-0"]
[WhiteElo "2615"]
[BlackElo "2325"]

1.e4 d6 2.d4 Nf6 3.Nc3 g6 4.g3 Bg7 5.Bg2 O-O 6.Nge2 e5 7.h3 exd4 8.Nxd4 Re8
9.O-O Na6 10.Nb3 Nb4 11.Bg5 h6 12.Be3 a5 13.Qd2 Kh7 14.Rad1 Bd7 15.Nd4 Nc6
16.f4 Ng8 17.Nde2 Be6 18.g4 Bc4 19.Rfe1 Bxe2 20.Rxe2 a4 21.a3 Qc8 22.Qd3 Ra5
23.Nb5 Nf6 24.c4 Nd7 25.e5 Nc5 26.Qc2 Re7 27.exd6 cxd6 28.Nxd6 Qb8 29.Nb5 Ne6
30.Qd2 Ra6 31.f5 Nf4 32.Bxf4 Rxe2 33.Bxb8 Rxd2 34.Rxd2 Nxb8 35.Bxb7 Rb6 36.Bd5 gxf5
37.gxf5 Rf6 38.c5 Kg8 39.Be4 Nc6 40.Nd6 Ne5 41.c6 Nxc6 42.Ne8  1-0

[Event "Luzern ol (Men)"]
[Site "Luzern"]
[Date "1982.??.??"]
[Round "5"]
[White "Quinteros, Miguel A"]
[Black "Ljubojevic, Ljubomir"]
[Result "0-1"]
[WhiteElo "2520"]
[BlackElo "2615"]

1.d4 Nf6 2.c4 e6 3.Nf3 d5 4.Nc3 Bb4 5.Bg5 Nbd7 6.e3 c5 7.Rc1 Qa5 8.Bxf6 Nxf6
9.Qb3 Ne4 10.a3 Bxc3+ 11.bxc3 O-O 12.Bd3 cxd4 13.exd4 dxc4 14.Bxc4 b6 15.Bd3 Bb7
16.O-O Rac8 17.Bxe4 Bxe4 18.Ne5 Qd5 19.Qxd5 Bxd5 20.c4 Bb7 21.c5 bxc5 22.Rxc5 Rxc5
23.dxc5 Rc8 24.Rc1 f6 25.Nd3 Be4 26.Nb2 Kf8 27.f3 Bd5 28.Nd3 Ke7 29.Kf2 Kd7
30.Nb4 Bb3 31.Rc3 Ba4 32.Rd3+ Ke7 33.Rd6 Bb5 34.Na6 Rxc5 35.Rxe6+ Kxe6 36.Nxc5+ Kd5
37.Ne4 Bd3 38.Ng3 Bg6 39.h4 Kc4 40.Ke3 Kb3 41.h5 Bf7 42.Kd2 Kxa3 43.Kc3 Ka4
44.Nf5 Bxh5 45.Nxg7 Bg6 46.Ne6 Kb5 47.Nc7+ Kc5 48.Na6+ Kb6 49.Nb4 Bf7 50.Nd3 Kc6
51.Nf2 Kd5 52.Ng4 Ke6 53.Kd4 h5 54.Ne3 h4 55.Nd5 Kf5 56.Nc3 a5 57.Ke3 Ke5
58.f4+ Kf5 59.Kf3 Bh5+  0-1

[Event "Luzern ol (Men)"]
[Site "Luzern"]
[Date "1982.??.??"]
[Round "6"]
[White "Liu Wenzhe"]
[Black "Ljubojevic, Ljubomir"]
[Result "0-1"]
[WhiteElo "2400"]
[BlackElo "2615"]

1.e4 c5 2.Nf3 d6 3.d4 Nf6 4.Nc3 cxd4 5.Nxd4 a6 6.Be2 e5 7.Nb3 Be7 8.O-O O-O
9.Be3 Be6 10.Qd2 Qc7 11.Nd5 Bxd5 12.exd5 Nbd7 13.c4 a5 14.Qe1 Ne4 15.f3 Nec5
16.Nxc5 Nxc5 17.Qf2 f5 18.Bxc5 dxc5 19.Qe1 Bd6 20.g3 Rf6 21.Bd3 Raf8 22.Rd1 h5
23.Kh1 b6 24.Bc2 g5 25.Qe2 Qf7 26.Qg2 g4 27.f4 e4 28.Ba4 Kg7 29.Qd2 Rh8 30.Qc3 h4
31.Kg2 hxg3 32.hxg3 Rh3 33.Rf2 Qe7 34.Bc2 Kg8 35.Rg1 Rfh6 36.Kf1 Qd7 37.Ke1 Bf8
38.Qe5 Bg7 39.Qb8+ Kh7 40.Re2 Bd4 41.Rgg2 Rh1+ 42.Kd2 Bxb2 43.Rxe4 fxe4 44.Qf8 Qg7
45.Bxe4+ Rg6 46.Qxg7+ Bxg7 47.Re2 Rh6 48.Bxg6+ Kxg6  0-1

[Event "Luzern ol (Men)"]
[Site "Luzern"]
[Date "1982.??.??"]
[Round "6"]
[White "Li Zunian"]
[Black "Ljubojevic, Ljubomir"]
[Result "1/2-1/2"]
[WhiteElo "2410"]
[BlackElo "2615"]

1.d4 c5 2.d5 e5 3.e4 d6 4.c4 Be7 5.Nc3 Bg5 6.Qa4+ Kf8 7.Nf3 Bxc1 8.Rxc1 Nd7
9.Be2 a6 10.O-O g5 11.b4 Kg7 12.Nd2 Ngf6 13.a3 h5 14.Qb3 b6 15.Na4 Nf8 16.bxc5 bxc5
17.Qb6 Qe7 18.Rb1 Ng6 19.Qb3 Nf4 20.Rfe1 h4 21.Bf1 g4 22.Qe3 g3 23.fxg3 Ng4
24.Qc3 hxg3 25.h3 Qh4 26.Rb3 Nh5 27.Nb6 Rb8 28.Nxc8 Rbxc8 29.Be2 Ngf6 30.Bxh5 Nxh5
31.Nf1 Rb8 32.Re3 Kh7 33.Qe1 Rxb3 34.Rxb3 Rg8 35.Qe2 Rg6 36.Rf3 Rf6 37.Rxf6 Nxf6
38.Qf3 Nxe4 39.Qxf7+ Kh8 40.Qf8+ Kh7  1/2-1/2

[Event "Luzern ol (Men)"]
[Site "Luzern"]
[Date "1982.??.??"]
[Round "14"]
[White "Ljubojevic, Ljubomir"]
[Black "Huebner, Robert"]
[Result "1-0"]
[WhiteElo "2615"]
[BlackElo "2630"]

1.e4 c6 2.d3 d5 3.Nd2 g6 4.Ngf3 Bg7 5.Be2 e5 6.O-O Ne7 7.b4 O-O 8.Bb2 Qc7
9.Re1 a5 10.a3 Na6 11.h3 Be6 12.Bf1 axb4 13.exd5 Nxd5 14.axb4 Naxb4 15.c3 Na6
16.c4 Ne7 17.Bxe5 Bxe5 18.Rxe5 c5 19.Qb3 Nc6 20.Ree1 Rad8 21.Ne4 f5 22.Nc3 Rfe8
23.Nd5 Qg7 24.Qb6 Bxd5 25.cxd5 Nd4 26.Nxd4 cxd4 27.d6 Qd7 28.g3 Nb8 29.Bg2 Nc6
30.Bd5+ Kf8 31.Rxe8+ Rxe8 32.Bxc6 Qxc6 33.Qxd4 Kf7 34.Rb1 b5 35.Ra1 Rd8 36.Qh4 Rxd6
37.Qxh7+ Kf6 38.Qh8+ Ke6 39.Re1+ Kd7 40.Qe8+ Kc7 41.Re7+ Kb6 42.Qb8+ Ka5
43.Re1 Qc3 44.Rb1 Rb6 45.Qa8+ Ra6 46.Qd5  1-0

[Event "Turin"]
[Site "Turin"]
[Date "1982.??.??"]
[Round "12"]
[White "Ljubojevic, Ljubomir"]
[Black "Portisch, Lajos"]
[Result "1/2-1/2"]
[WhiteElo "2600"]
[BlackElo "2630"]

1.e4 c5 2.Nf3 d6 3.d4 cxd4 4.Nxd4 Nf6 5.Nc3 a6 6.Bg5 e6 7.f4 Be7 8.Qf3 Qc7
9.O-O-O Nbd7 10.g4 b5 11.Bxf6 Nxf6 12.g5 Nd7 13.h4 b4 14.Nce2 Bb7 15.Kb1 Nc5
16.Ng3 O-O-O 17.Bg2 Kb8 18.Qe3 Rc8 19.Qd2 Qb6 20.f5 Rhe8 21.Rhe1 Bf8 22.Nh5 e5
23.Nb3 a5 24.Nxc5 dxc5 25.Qd7 Re7 26.Qd6+ Qxd6 27.Rxd6 Rec7 28.Red1 c4 29.Bh3 Re8
30.c3 Ka7 31.R6d2 bxc3 32.bxc3 Rb8 33.Ka1 Bc6 34.Bf1 Rcb7 35.Bxc4 Ba3 36.Nxg7 a4
37.Re1 Bb2+ 38.Rxb2 Rxb2 39.f6 Rf2 40.Nf5 Bxe4 41.Nd6 Bg6 42.Nxf7 Rfb2 43.a3 Bxf7
44.Bxf7 Rc2 45.h5 Rxc3 46.g6 hxg6 47.hxg6 Rxa3+ 48.Ba2 Rf3 49.g7 Rxf6 50.g8=Q Rxg8
51.Bxg8 Rf5 52.Bh7 Rh5 53.Bc2 Kb6 54.Kb2 Kc5 55.Re4 Kd6 56.Rxa4 Rh3 57.Be4 Rh2+
58.Kc3 Ke7 59.Kd3 Rf2 60.Ra7+ Kd6 61.Ra6+ Ke7 62.Kc4 Rf6 63.Ra7+ Kd6 64.Rh7 Ke6
65.Rb7 Kd6 66.Ra7 Re6 67.Ra1 Rf6 68.Rh1 Re6 69.Rd1+ Ke7 70.Ra1 Kd6 71.Kb5 Rf6
72.Rd1+ Ke7 73.Kc5 Ra6 74.Rh1 Ra5+ 75.Kb4 Ra2 76.Rh6 Ra1 77.Bd5 Kd7 78.Kb5 Rc1
79.Ra6 Ke7 80.Bc4 Re1 81.Kc5 e4 82.Kd4 e3 83.Ke5 Kd7 84.Ke4 Kc7 85.Bd3 Kb7
86.Rh6 Kc7 87.Kf3 Kd7 88.Be2 Ke7 89.Kxe3 Ra1 90.Kd4 Re1 91.Bg4 Kf7 92.Kd5 Ke7
93.Bf5 Ra1 94.Be4 Ra5+ 95.Kd4 Ra1 96.Ke5 Re1 97.Rh7+ Ke8 98.Kd5 Kf8 99.Ra7 Re3
100.Bf5 Re7 101.Ra1 Re2 102.Be6 Ke7 103.Ra7+ Kf6 104.Rf7+ Kg5 105.Kd6 Re1
106.Rf3 Ra1 107.Bc4 Re1 108.Kd5 Rd1+ 109.Ke4 Re1+ 110.Kd4 Rd1+ 111.Bd3 Ra1
112.Be4 Ra4+ 113.Ke5 Ra5+ 114.Bd5 Kg4 115.Rf2 Kg5 116.Rb2 Kg4 117.Rg2+ Kh5
118.Rg1 Rb5 119.Ke4 Kh6 120.Be6 Ra5 121.Bg4 Kg7 122.Kf4 Ra3 123.Bf5+ Kf8
124.Kg5 Ke7 125.Rd1 Ra7 126.Rd5 Rc7 127.Bh3 Ra7  1/2-1/2

[Event "JUG-ch"]
[Site "Vrbas"]
[Date "1982.??.??"]
[Round "?"]
[White "Sines, J."]
[Black "Ljubojevic, Ljubomir"]
[Result "0-1"]
[WhiteElo "2355"]
[BlackElo "2600"]

1.d4 Nf6 2.c4 e6 3.Nf3 c5 4.d5 exd5 5.cxd5 g6 6.Nc3 d6 7.e4 Bg7 8.Be2 O-O
9.O-O Re8 10.Nd2 Nbd7 11.f4 c4 12.e5 dxe5 13.Nxc4 Nb6 14.fxe5 Nfxd5 15.Nxd5 Qxd5
16.Qxd5 Nxd5 17.Bf3 Be6 18.Bg5 h6 19.Bh4 g5 20.Bg3 Re7 21.Rac1 Nb4 22.Nd6 Nd3
23.Rcd1 Nxe5 24.Bxb7 Rb8 25.Rfe1 f6 26.Bd5 Bxd5 27.Rxd5 Rxb2 28.Nf5 Rc7 29.Nxg7 Rxg7
30.Bxe5 fxe5 31.Ra5 Rd7 32.Raxe5 Rdd2 33.Re8+ Kg7 34.R8e7+ Kg6 35.R7e6+ Kh5
36.g4+ Kxg4 37.Rxh6 Rxa2  0-1

[Event "JUG-ch"]
[Site "Vrbas"]
[Date "1982.??.??"]
[Round "?"]
[White "Ljubojevic, Ljubomir"]
[Black "Ivkov, Borislav"]
[Result "1/2-1/2"]
[WhiteElo "2600"]
[BlackElo "2480"]

1.e4 e5 2.Nf3 Nc6 3.d4 exd4 4.Nxd4 Bc5 5.Nb3 Bb6 6.a4 a6 7.a5 Ba7 8.Nc3 d6
9.Be2 Nge7 10.O-O O-O 11.Bg5 f6 12.Bh4 Be6 13.Nd5 g5 14.Bg3 f5 15.Nxe7+ Nxe7
16.exf5 Nxf5 17.Bg4 Bxb3 18.Bxf5 Rxf5 19.cxb3 Qf6 20.Qc2 Rf8 21.Qxc7 Bxf2+  1/2-1/2

[Event "JUG-ch"]
[Site "Vrbas"]
[Date "1982.??.??"]
[Round "?"]
[White "Ljubojevic, Ljubomir"]
[Black "Kelecevic, Nedeljko"]
[Result "1-0"]
[WhiteElo "2600"]
[BlackElo "2390"]

1.d4 Nf6 2.c4 e6 3.Nc3 d5 4.Nf3 c5 5.cxd5 Nxd5 6.e4 Nxc3 7.bxc3 cxd4 8.cxd4 Nc6
9.Be2 Bb4+ 10.Bd2 Bxd2+ 11.Qxd2 O-O 12.Rc1 Qd6 13.O-O e5 14.d5 Bg4 15.Nh4 Bd7
16.h3 Nd4 17.Nf3 Nxf3+ 18.Bxf3 f5 19.Qb2 fxe4 20.Bxe4 b5 21.Qc2 g6 22.Qc7 Qxc7
23.Rxc7 Bf5 24.Bxf5 Rxf5 25.Rfc1 Rf7 26.Rxf7 Kxf7 27.Rc7+ Kf6 28.Rxh7 a5
29.Rb7 b4 30.f3 e4 31.fxe4 Ke5 32.Re7+ Kd4 33.d6 a4 34.Rb7 b3 35.axb3 a3
36.d7 Kxe4 37.Rb4+ Ke3 38.Ra4 Rxa4 39.d8=Q a2 40.Qe8+ Re4 41.Qa8  1-0

[Event "JUG-ch"]
[Site "Vrbas"]
[Date "1982.??.??"]
[Round "?"]
[White "Ljubojevic, Ljubomir"]
[Black "Parma, Bruno"]
[Result "1-0"]
[WhiteElo "2600"]
[BlackElo "2485"]

1.e4 d6 2.d4 Nf6 3.Nc3 g6 4.f4 Bg7 5.Nf3 O-O 6.Bd3 Nc6 7.O-O e5 8.fxe5 dxe5
9.d5 Nd4 10.Nxe5 Nxd5 11.Nxd5 Bxe5 12.Bf4 Qd6 13.Qd2 f6 14.Bxe5 Qxe5 15.Qf4 Qxf4
16.Rxf4 Kg7 17.Raf1 Bd7 18.Nxf6 Be6 19.Nd5 Rxf4 20.Nxf4 Bf7 21.Kf2 Rd8 22.Ke3 Nc6
23.b3 Nb4 24.a3 Nc6 25.h3 h6 26.Ne2 Ne5 27.Nd4 c5 28.Nf3 Re8 29.Be2 Re7 30.Nxe5 Rxe5
31.Rd1 Re7 32.Rd6 Be8 33.Bc4 Bc6 34.Be6 Be8 35.c4 Bf7 36.Bd5 Be8 37.h4 b6
38.Kf4  1-0

[Event "JUG-ch"]
[Site "Vrbas"]
[Date "1982.??.??"]
[Round "?"]
[White "Marjanovic, Slavoljub"]
[Black "Ljubojevic, Ljubomir"]
[Result "0-1"]
[WhiteElo "2515"]
[BlackElo "2600"]

1.e4 c5 2.Nf3 d6 3.d4 Nf6 4.Nc3 cxd4 5.Nxd4 a6 6.a4 g6 7.g3 Bg4 8.Qd3 Nbd7
9.h3 Ne5 10.Qe3 Bd7 11.f4 Nc6 12.Bg2 Nxd4 13.Qxd4 Bc6 14.a5 Bg7 15.O-O O-O
16.Qf2 Nd7 17.Nd5 e6 18.Nb4 Qe7 19.Rd1 Rfd8 20.c4 Nc5 21.Qc2 Rac8 22.Ra3 Be8
23.Be3 f5 24.exf5 gxf5 25.Bd4 Bh5 26.Rd2 d5 27.Bxg7 Qxg7 28.Nxd5 exd5 29.Bxd5+ Kh8
30.Qxf5 Bg6 31.Qe5 Qxe5 32.fxe5 Rc7 33.b4 Ne6 34.h4 Kg7 35.Rf3 Re7 36.Rf6 Be4
37.Kf2 Nc7 38.Rd6 Rf8+ 39.Ke3 Bxd5 40.cxd5 Rxe5+ 41.Kd4 Rxd5+ 42.Kc4 Rxd2
43.Rxd2 h5 44.Rd4 Nb5 45.Rd5 Rc8+ 46.Kb3 Kh6 47.Rg5 Rc3+ 48.Kb2 Rc4 49.Kb3 Rg4
50.Rxg4 hxg4 51.Kc4 Nd6+  0-1

[Event "JUG-ch"]
[Site "Vrbas"]
[Date "1982.??.??"]
[Round "?"]
[White "Cvitan, Ognjen"]
[Black "Ljubojevic, Ljubomir"]
[Result "1/2-1/2"]
[WhiteElo "2430"]
[BlackElo "2600"]

1.Nf3 Nf6 2.c4 c6 3.Nc3 d5 4.d4 e6 5.Bg5 Nbd7 6.e3 Qa5 7.cxd5 Ne4 8.dxe6 fxe6
9.Bh4 Bb4 10.Nd2 Nxc3 11.bxc3 Bxc3 12.Rc1 Nf6 13.Bd3 e5 14.dxe5 Bxe5 15.O-O Bg4
16.f3 Be6 17.Nc4 Qc5 18.Nxe5 Qxe5 19.Qe2 O-O  1/2-1/2

[Event "JUG-ch"]
[Site "Vrbas"]
[Date "1982.??.??"]
[Round "?"]
[White "Cebalo, Miso"]
[Black "Ljubojevic, Ljubomir"]
[Result "0-1"]
[WhiteElo "2495"]
[BlackElo "2600"]

1.d4 Nf6 2.c4 e6 3.Nf3 d5 4.Nc3 c6 5.Bg5 Nbd7 6.cxd5 exd5 7.e3 Bd6 8.Bd3 Nf8
9.Qc2 Ng6 10.O-O-O h6 11.Bxg6 hxg5 12.Nxg5 fxg6 13.Qxg6+ Kd7 14.Nf7 Qf8 15.Nxh8 Qxh8
16.Qf7+ Kd8 17.f3 Qh6 18.Rde1 Bd7 19.g4 Kc7 20.g5 Qxg5 21.Rhg1 Qh4 22.e4 Rf8
23.Qg6 Bxh2 24.Rh1 Bf4+ 25.Kb1 Qg5 26.Qxg5 Bxg5 27.Rhg1 Bh6 28.Kc2 dxe4 29.fxe4 Ng4
30.Rg3 Rf2+ 31.Re2 Rf1 32.Kb3 Bf4 33.Rh3 Bh6 34.Rg3 a5 35.a4 Bf4 36.Rh3 Nf6
37.Rd3 g5 38.d5 Be5 39.Kc4 Rf4 40.dxc6 bxc6 41.Rde3 Be6+ 42.Kd3 Ng4 43.Rg3 Rf1
44.Rgg2 Bf4 45.Kd4 Rf3 46.e5 Rh3 47.Re1 Be3+ 48.Rxe3 Rxe3 49.Ne4  0-1

[Event "JUG-ch"]
[Site "Vrbas"]
[Date "1982.??.??"]
[Round "?"]
[White "Rukavina, Josip"]
[Black "Ljubojevic, Ljubomir"]
[Result "1/2-1/2"]
[WhiteElo "2450"]
[BlackElo "2600"]

1.d4 Nf6 2.c4 e6 3.Nc3 Bb4 4.e3 d5 5.Qa4+ Nc6 6.Nf3 O-O 7.Be2 dxc4 8.Bxc4 Qe7
9.O-O Bd7 10.Qc2 e5 11.Nd5 Nxd5 12.Bxd5 exd4 13.exd4 Qf6 14.Be4 h6 15.d5 Nd4
16.Nxd4 Qxd4 17.Be3 Qe5 18.g3 Rfe8 19.Bg2 Bd6 20.Rfd1 Bf5  1/2-1/2

[Event "EU-chT Plovdiv"]
[Site "Plovdiv"]
[Date "1983.??.??"]
[Round "1"]
[White "Portisch, Lajos"]
[Black "Ljubojevic, Ljubomir"]
[Result "1/2-1/2"]
[WhiteElo "2620"]
[BlackElo "2645"]

1.d4 Nf6 2.c4 e6 3.Nf3 d5 4.Bg5 c6 5.Nbd2 h6 6.Bxf6 Qxf6 7.e3 c5 8.cxd5 exd5
9.Bb5+ Nc6 10.O-O a6 11.Bxc6+ bxc6 12.Qa4 Rb8 13.dxc5 Bxc5 14.Rfc1 Rb5 15.Nb3 Qxb2
16.Nfd4 Bxd4 17.Nxd4 Rc5 18.Rcb1 Qc3 19.Qd1 Qa3 20.Rb6 Qc3 21.Nb3 Rc4 22.Rc1 Qb2
23.Rxc6 O-O 24.Rc2 Qa3 25.Qc1 Rxc6 26.Qxa3 Rxc2 27.h3 Rc6 28.Nd4 Rb6 29.Qa5 Rb1+
30.Kh2 Rb2 31.Kg3 h5 32.h4 Re8 33.a3 g6 34.Qc3 Rb7 35.Qc6 Rd7 36.Kh2 Red8
37.a4 Re8 38.a5 Kg7 39.Nf3 Rde7 40.Nd4 Bb7 41.Qb6 Bc8 42.Kg1 Bb7 43.Ne2 Rd7
44.Qd4+ Kg8 45.Qf6 Re4 46.Nd4 Rde7 47.Kf1 Re8 48.g4 Rxg4 49.f3 Rxd4 50.Qxd4 Bc6
51.Kf2 Re6 52.Qb6 Be8 53.Qd8 Kg7 54.Qxd5 Bc6 55.Qd4+ Kg8 56.e4 Kh7 57.Qa7 Be8
58.Ke3 Kg8 59.Qb8 Kg7 60.Kd4 Bb5 61.Qg3 Kg8 62.Qg5 Kg7 63.f4 Bc6 64.e5 Kh7
65.f5 gxf5 66.Qxh5+ Kg7 67.Qxf5 Bb5 68.Qg5+ Rg6 69.Qd8 Re6 70.Ke4 Rh6 71.Kf4 Re6
72.Qd4 Kh7 73.h5 Rh6 74.Kg5 Re6  1/2-1/2

[Event "Tilburg"]
[Site "Tilburg"]
[Date "1983.??.??"]
[Round "?"]
[White "Polugaevsky, Lev"]
[Black "Ljubojevic, Ljubomir"]
[Result "0-1"]
[WhiteElo "2620"]
[BlackElo "2645"]

1.d4 Nf6 2.Nf3 e6 3.e3 b6 4.Bd3 Bb7 5.Nbd2 c5 6.O-O Nc6 7.a3 Be7 8.b3 cxd4
9.exd4 Nd5 10.Ne4 f5 11.Ng3 Bf6 12.Ne2 g5 13.c4 Nc7 14.Bb2 Qe7 15.Qc2 Qg7
16.Ng3 h5 17.Bxf5 O-O-O 18.Be4 h4 19.Ne2 Kb8 20.Ne5 Nxe5 21.Bxb7 Nxc4 22.bxc4 Kxb7
23.a4 h3 24.g4 Qh7 25.Rfc1 d5 26.Qxh7 Rxh7 27.c5 bxc5 28.Rxc5 Rd6 29.Nc1 Rb6
30.Rc2 Na6 31.Ra3 Nb4 32.Rd2 Nc6 33.Rf3 Be7 34.Rb3 Bb4 35.Bc3 Rc7 36.Bxb4 Nxd4
37.Rc3 Rxb4 38.Rxc7+ Kxc7 39.Kf1  0-1

[Event "Tilburg"]
[Site "Tilburg"]
[Date "1983.??.??"]
[Round "?"]
[White "Vaganian, Rafael A"]
[Black "Ljubojevic, Ljubomir"]
[Result "1/2-1/2"]
[WhiteElo "2620"]
[BlackElo "2645"]

1.Nf3 c5 2.c4 Nf6 3.Nc3 Nc6 4.g3 d5 5.cxd5 Nxd5 6.Bg2 Nc7 7.a3 e6 8.O-O Be7
9.d3 O-O 10.Be3 Nd5 11.Rc1 Nxe3 12.fxe3 Bd7 13.Ne4 Qb6 14.Qc2 c4 15.d4 Rac8
16.Kh1 Na5 17.Nc3 f6 18.e4 Rcd8 19.Bh3 Be8 20.Rcd1 Nb3 21.e3 Bf7 22.Qe2 Qc6
23.Nh4 g6 24.Nf3 b5 25.Bg2 Qb6 26.e5 f5 27.g4 Kh8 28.Ng1 a5 29.gxf5 gxf5
30.Nh3 b4 31.axb4 axb4 32.Nb1 Qc7 33.Nd2 Nxd2 34.Rxd2 Rc8 35.Nf4 Bg5 36.Qf2 Qe7
37.Rc1 Rc7 38.Rdc2 Rfc8 39.Rg1 c3 40.b3 Ra7 41.e4 fxe4 42.Bxe4 Rg8 43.Rcc1 Rd7
44.Rg4 Bxf4 45.Rxf4 Qg5 46.Re1 Bg6 47.Bxg6 Qxg6 48.Rf8 Rg7 49.d5 Qd3 50.dxe6 Qd5+
51.Qf3 Qxe6 52.Rxg8+ Rxg8 53.h3 Rc8 54.Kh2 c2 55.Qf4 h6 56.Rf1 Rc7 57.Rg1 Rf7
58.Qd2 Qxe5+ 59.Rg3 Rg7 60.Qd8+ Kh7 61.Qd3+ Kh8 62.Qd8+  1/2-1/2

[Event "URS-World"]
[Site "London"]
[Date "1984.??.??"]
[Round "1.4"]
[White "Ljubojevic, Ljubomir"]
[Black "Smyslov, Vassily"]
[Result "1-0"]
[WhiteElo "2635"]
[BlackElo "2600"]

1.e4 e5 2.Nf3 Nf6 3.Nxe5 d6 4.Nf3 Nxe4 5.d4 Be7 6.Bd3 Nf6 7.O-O O-O 8.Re1 Bg4
9.Nbd2 c5 10.h3 Bh5 11.Nf1 Nc6 12.Ng3 Bxf3 13.Qxf3 Nxd4 14.Qxb7 Re8 15.Nf5 Nxf5
16.Bxf5 Bf8 17.Rxe8 Qxe8 18.Bd2 g6 19.Bd3 d5 20.c4 Qb8 21.Qxb8 Rxb8 22.b3 dxc4
23.Bxc4 Ne4 24.Ba5 Nd6 25.Bd5 Re8 26.Kf1 Bg7 27.Re1 Rxe1+ 28.Kxe1 Kf8 29.Ke2 Ke7
30.Kd3 Bd4 31.f4 h5 32.a4 Kd7 33.b4 Bf2 34.b5 f6 35.Bc3 Bg3 36.Bxf6 Bxf4
37.Bc3 g5 38.Be1 Kc7 39.Ba5+ Kb8 40.Bd8 g4 41.hxg4 hxg4 42.b6 Nb7  1-0

[Event "URS-World"]
[Site "London"]
[Date "1984.??.??"]
[Round "2.4"]
[White "Tukmakov, Vladimir B"]
[Black "Ljubojevic, Ljubomir"]
[Result "1-0"]
[WhiteElo "2550"]
[BlackElo "2635"]

1.d4 Nf6 2.Nf3 e6 3.c4 d5 4.Bg5 Nbd7 5.Nc3 c6 6.e3 Qa5 7.cxd5 Ne4 8.dxe6 fxe6
9.Bh4 Bb4 10.Nd2 Nxc3 11.bxc3 Bxc3 12.Rc1 e5 13.Bc4 exd4 14.exd4 Nf6 15.Qc2 Bb4
16.a3 Be7 17.O-O Bf5 18.Nb3 Bxc2 19.Nxa5 Bg6 20.Rfe1 Kd7 21.Be6+ Kc7 22.Bg3+ Kb6
23.Nc4+ Ka6 24.Ne5 Be4 25.Bc4+ b5 26.Bd3 Bd5 27.a4 Bb4 28.Re2 Kb6 29.Nxc6 Ba3
30.Rc3 a6 31.a5+ Kb7 32.Rxa3 Rac8 33.Re7+ Kxc6 34.Rc3+ Bc4 35.Bxc4 bxc4 36.Rxc4+ Kb5
37.Rxc8 Rxc8 38.h3 Kxa5 39.Rxg7 Kb5 40.Rb7+ Kc6 41.Rf7 Ne4 42.Be5 a5 43.Rxh7 Nc3
44.d5+  1-0

[Event "New York op"]
[Site "New York"]
[Date "1984.??.??"]
[Round "2"]
[White "Zapata, Alonso"]
[Black "Ljubojevic, Ljubomir"]
[Result "1-0"]
[WhiteElo "2470"]
[BlackElo "2635"]

1.e4 c5 2.Nf3 d6 3.d4 cxd4 4.Nxd4 Nf6 5.Nc3 a6 6.Be2 e6 7.O-O Be7 8.Be3 O-O
9.a4 Qc7 10.a5 Nbd7 11.Nb3 b5 12.axb6 Nxb6 13.Qd4 Nfd7 14.Rfd1 Nc5 15.Qb4 Rb8
16.Nxc5 dxc5 17.Qa5 Bb7 18.f3 Rfc8 19.Na4 Nd7 20.Qxc7 Rxc7 21.Bf4 e5 22.Bd2 Bc6
23.Ba5 Ra7 24.b3 Bb5 25.Kf2 c4 26.b4 Bc6 27.c3 Bb5 28.Nb2 Rc8 29.Rd5 Kf8
30.Nd1 Bg5 31.Ne3 Bxe3+ 32.Kxe3 Rc6 33.g3 Rh6 34.h4 Rb7 35.Rad1 Ke7 36.Bf1 Rg6
37.Kf2 Rf6 38.Bh3 Bc6 39.Bxd7 Rxd7 40.Rxe5+ Re6 41.Rxd7+ Bxd7 42.Rd5 Rd6
43.Bc7 Rxd5 44.exd5 h5 45.Ke3 f6 46.Kd4 Bb5 47.Bb6 Kd7 48.Bc5 Ke8 49.g4 g6
50.Bd6 Kf7 51.Kc5 Kg7 52.Bg3 Kf7 53.Kb6 Ke7 54.Bc7 Kf7 55.f4 f5 56.g5 Ke7
57.Kc5 Kf7 58.d6 Ke6 59.Kd4 Bc6 60.Kxc4 Bf3 61.Kc5 Be2 62.Bb8 Bf1 63.Kc6  1-0

[Event "New York op"]
[Site "New York"]
[Date "1984.??.??"]
[Round "4"]
[White "Chow, Albert"]
[Black "Ljubojevic, Ljubomir"]
[Result "0-1"]
[WhiteElo "2305"]
[BlackElo "2635"]

1.d4 Nf6 2.c4 e6 3.Nf3 b6 4.g3 Ba6 5.Nbd2 Bb7 6.Bg2 c5 7.e4 cxd4 8.e5 Ne4
9.Nxd4 Nc3 10.Bxb7 Nxd1 11.Bxa8 Bc5 12.N4b3 Nxf2 13.Nxc5 Nxh1 14.Nb7 Qg5
15.Nd6+ Ke7 16.Bxh1 Qxe5+ 17.N2e4 h6 18.Bd2 Qxb2 19.Bc3 Qxh2 20.O-O-O Rg8
21.Bb4 Nc6 22.Ba3 Qxa2 23.Nb5+ Kd8 24.Ned6 Na5 25.Nxf7+ Kc8 26.Bb2 Nxc4 27.Nfd6+ Kb8  0-1

[Event "New York op"]
[Site "New York"]
[Date "1984.??.??"]
[Round "6"]
[White "Lombardy, William James"]
[Black "Ljubojevic, Ljubomir"]
[Result "0-1"]
[WhiteElo "2505"]
[BlackElo "2635"]

1.d4 Nf6 2.Nf3 c5 3.g3 cxd4 4.Nxd4 Qc7 5.Bg2 a6 6.O-O d5 7.Nb3 Bg4 8.Bf4 e5
9.Bg5 Nbd7 10.N1d2 h6 11.Bxf6 Nxf6 12.h3 Be6 13.e4 dxe4 14.Nxe4 Nxe4 15.Bxe4 Bxh3
16.Re1 Rd8 17.Qf3 Bc8 18.Bd5 Bd6 19.c4 O-O 20.c5 Be7 21.Rac1 Kh8 22.Red1 f5
23.Qc3 e4 24.Na5 Bg5 25.Rb1 f4 26.Nc4 fxg3 27.Qxg3 Bf4 28.Qh4 Qxc5 29.b4 Qc7
30.Ne3 Qe5 31.Bb3 Rd3 32.Ng2 Bg5 33.Qh2 Qf6 34.Rf1 Rf3 35.Ne1 Rh3 36.Qg2 Rh4
37.f4 Bxf4 38.Nc2 Rg4  0-1

[Event "New York op"]
[Site "New York"]
[Date "1984.??.??"]
[Round "8"]
[White "Kavalek, Lubomir"]
[Black "Ljubojevic, Ljubomir"]
[Result "1/2-1/2"]
[WhiteElo "2545"]
[BlackElo "2635"]

1.d4 Nf6 2.c4 e6 3.Nc3 Bb4 4.e3 c5 5.Ne2 cxd4 6.exd4 O-O 7.a3 Be7 8.Nf4 d5
9.cxd5 Nxd5 10.Ncxd5 exd5 11.Be2 Nc6 12.Bf3 Be6 13.O-O Bg5  1/2-1/2

[Event "New York op"]
[Site "New York"]
[Date "1985.??.??"]
[Round "2"]
[White "Ljubojevic, Ljubomir"]
[Black "Shipman, Walter"]
[Result "1-0"]
[WhiteElo "2595"]
[BlackElo "2405"]

1.e4 e6 2.d4 d5 3.Nc3 dxe4 4.Nxe4 Bd7 5.c4 Bc6 6.Nc3 Nf6 7.Nf3 Bxf3 8.Qxf3 c6
9.Be3 Bb4 10.Be2 Nbd7 11.O-O O-O 12.Qg3 Re8 13.Bf4 Qa5 14.Bc7 b6 15.Bf3 Rac8
16.Ne4 Nxe4 17.Bxe4 Nf6 18.Bxc6 Re7 19.Be5 Nh5 20.Qf3 f6 21.a3 fxe5 22.axb4 Qxb4
23.Qxh5 Rxc6 24.Rxa7 Rxa7 25.Qe8+ Qf8 26.Qxc6 exd4 27.Qxb6 Rd7 28.Qxe6+ Qf7
29.Qxf7+ Kxf7 30.f3 Ke6 31.Rd1 Ke5 32.Rd3 Rb7 33.b3 Ra7 34.h4 Ra1+ 35.Kf2 Ra2+
36.Kf1 Rc2 37.g3 h5 38.Ke1 Rg2 39.Kd1 g6 40.Kc1 Rg1+ 41.Kb2 Rg2+ 42.Ka3 Re2
43.Kb4 Rg2 44.Kc5 Rxg3 45.f4+ Kxf4 46.Rxg3 Kxg3 47.Kxd4 Kxh4 48.c5  1-0

[Event "New York op"]
[Site "New York"]
[Date "1985.??.??"]
[Round "4"]
[White "Ljubojevic, Ljubomir"]
[Black "Schussler, Harry"]
[Result "1/2-1/2"]
[WhiteElo "2595"]
[BlackElo "2455"]

1.e4 e5 2.Nf3 Nf6 3.Nxe5 d6 4.Nf3 Nxe4 5.d4 d5 6.Bd3 Nc6 7.O-O Be7 8.c4 Nf6
9.Nc3 O-O 10.Re1 dxc4 11.Bxc4 Bg4 12.Be3 Bxf3 13.Qxf3 Nxd4 14.Bxd4 Qxd4 15.Rxe7 Qxc4
16.Qxb7 c6 17.Qb3 Qxb3 18.axb3 Rab8 19.Ra3 Rfe8 20.Rxe8+ Rxe8 21.Kf1 Re7
22.Ra6 Rc7 23.Ke2 Nd7 24.b4 Kf8 25.Kd2 Ke7 26.Kc2 Nb8 27.Ra5 Kd8 28.g4 Rb7
29.Kb3 Rd7 30.Kc4 Rd2 31.Ne4 Re2 32.f3 Nd7 33.Rxa7 Rxh2 34.b3 Rc2+ 35.Kd4 Rb2
36.Nc5 Rd2+ 37.Kc3 Rd5 38.Nxd7 Rxd7 39.Ra6 Rd1 40.Ra7 Ke8 41.Kc4 Rf1 42.Kc5 Rxf3
43.Kxc6 Rc3+ 44.Kd6 Rd3+ 45.Kc6 Rc3+  1/2-1/2

[Event "Tilburg"]
[Site "Tilburg"]
[Date "1985.??.??"]
[Round "?"]
[White "Romanishin, Oleg M"]
[Black "Ljubojevic, Ljubomir"]
[Result "0-1"]
[WhiteElo "2590"]
[BlackElo "2615"]

1.e4 c5 2.Nc3 Nc6 3.f4 e6 4.Nf3 d5 5.Bb5 Ne7 6.O-O dxe4 7.Nxe4 a6 8.Bxc6+ Nxc6
9.d3 Be7 10.Be3 b6 11.Ne5 Bb7 12.Qh5 g6 13.Nxc6 Bxc6 14.Qe5 O-O 15.Rf2 Bd5
16.c4 f6 17.Qc3 Bb7 18.Re1 Qd7 19.Qb3 Qc6 20.Nd2 Rad8 21.Nf3 Rd7 22.Bd2 Rfd8
23.Re3 Bf8 24.Ne1 Bh6 25.Rh3 Bg7 26.Qd1 b5 27.b3 f5 28.Qe2 Qd6 29.Nf3 Bxf3
30.Rhxf3 e5 31.Bc3 exf4 32.Bxg7 Kxg7 33.Rxf4 Re7 34.Qb2+ Kg8 35.Re2 Rde8
36.Rxe7 Rxe7 37.Qd2 Re4 38.Rf2 Rd4 39.Rf3 bxc4 40.bxc4 Rxc4 41.Rxf5 gxf5
42.Qg5+ Kh8 43.dxc4 Qd4+ 44.Kf1 Qa1+ 45.Kf2 Qxa2+ 46.Kg3 Qb3+ 47.Kf4 Qxc4+
48.Ke5 Qf7 49.Qd8+ Kg7 50.Qd6 c4 51.Qxa6 c3 52.Qc6 Qg6 53.Qc7+ Kh6 54.Kd4 Qxg2
55.Kxc3 Qg7+ 56.Qxg7+ Kxg7 57.Kd4 Kf6  0-1

[Event "Bilbao"]
[Site "Bilbao"]
[Date "1987.??.??"]
[Round "?"]
[White "Ljubojevic, Ljubomir"]
[Black "Fernandez Garcia, Jose L"]
[Result "1-0"]
[WhiteElo "2620"]
[BlackElo "2450"]

1.Nf3 Nf6 2.c4 g6 3.Nc3 d5 4.cxd5 Nxd5 5.g3 Bg7 6.Bg2 Nb6 7.O-O O-O 8.d3 N8d7
9.a4 a5 10.Be3 c6 11.Qb3 Ra6 12.Nd2 Nf6 13.Nc4 Nxc4 14.dxc4 Ng4 15.Bc5 Ne5
16.Rac1 Qc7 17.Qa2 Be6 18.b3 Re8 19.h3 Raa8 20.Be3 Nd7 21.Rfd1 Qe5 22.Bf4 Qf5
23.Qd2 Be5 24.Be3 h5 25.Ne4 Bc7 26.Ng5 Rad8 27.Bd4 Ne5 28.f4  1-0